Ta pusa je tvá : Kosmický sen

Bibliographic Details
Main Authors: Chinn, Nicky (Composer), Vágner, Karel, 1942- (Composer, Conductor)
Corporate Author: Orchestr Karla Vágnera (Performer)
Other Authors: Zagorová, Hana, 1946-2022 (Singer), Rezek, Petr, 1942- (Singer), Žák, Pavel (Lyricist), Prostějovský, Michael, 1948- (Lyricist)
Format: CD Audio
Language:Czech
PhysicalDescription:1 gramofónová platňa 18 cm
Published: [Praha] Supraphon [1979]
Subjects:

MARC

LEADER 00000njm a2200000 4500
001 vtls011991335
003 SK-MaSNL
005 20260331212124.0
007 sd cszc p
008 200908s1979 xr ppz g 0 0 cze
028 0 1 |a 1143 2293  |b Supraphon 
028 1 3 |a H 1475/A A  |b Supraphon 
028 1 3 |a H 1476/A C  |b Supraphon 
040 |a SNK  |b slo  |c SNK  |e rda 
041 0 |a cze 
044 |a xr  |c CZ 
072 7 |a 78.011.26  |x Populárna hudba. Populárne piesne. Populárna tanečná hudba  |2 konspekt 
080 |a 78.03.011.26  |2 2011 
080 |a (086.72)  |2 2011 
100 1 |a Zagorová, Hana,  |d 1946-2022  |4 sng  |9 117547 
245 0 0 |a Ta pusa je tvá : Kosmický sen  |c Hana Zagorová 
264 1 |a [Praha]  |b Supraphon  |c [1979] 
264 4 |c Ⓟ1979 
300 |a 1 gramofónová platňa  |c 18 cm 
336 |a hraná hudba  |b prm  |2 rdacontent 
337 |a audio  |b s  |2 rdamedia 
338 |a iný  |b z  |2 rdacarrier 
340 |a vinyl  |a rda 
344 |a analog  |c 45 ot/min  |g stereo  |2 rda 
500 |a Platňa obsahuje 2 piesne 
500 |a Názov prevzatý z obalu 
500 |a Miesto vydania podľa vydavateľa 
500 |a Snímok Čs. rozhlasu 
650 0 7 |a populárna hudba  |2 SNKPH  |9 3428 
650 0 7 |a Popular music  |2 SNKPHeng  |9 90436 
655 7 |a gramofónové platne  |2 SNKPH  |9 74608 
655 7 |a Gramophone records  |2 SNKPHeng  |9 286457 
700 1 |a Rezek, Petr,  |d 1942-  |4 sng  |9 364135 
700 1 |a Chinn, Nicky  |4 cmp  |9 364804 
700 1 |a Žák, Pavel  |4 lyr  |9 364136 
700 1 |a Vágner, Karel,  |d 1942-  |4 cmp  |4 cnd  |9 364805 
700 1 |a Prostějovský, Michael,  |d 1948-  |4 lyr  |9 364806 
710 2 |a Orchestr Karla Vágnera  |4 prf  |9 63235 
740 0 2 |a Ta pusa je tvá  |h zvukový dokument 
740 0 2 |a Kosmický sen  |h zvukový dokument 
999 |c 609263  |d 611193 
952 |a SNK  |b SNK  |y PREZ  |7 0  |p 17A1419114  |o snkST 355  |i snk8317/79  |0 0  |1 0  |4 0  |d 2020-09-08  |l 0  |r 2026-02-23 16:18:51  |w 2026-02-23 
952 |a SNKMST  |b SNKMST  |y PREZ  |7 0  |p 17A1419223  |o snkST 355 D1  |i snk9623/82  |0 0  |1 0  |4 0  |d 2020-10-02  |l 0  |r 2026-02-23 16:18:51  |w 2026-02-23